Некоторые особенности использования паралимпийской лексики в британских СМИ; Межкультурная коммуникация: теория и практика

التفاصيل البيبلوغرافية
Parent link:Межкультурная коммуникация: теория и практика.— 2016.— [С. 158-163]
المؤلف الرئيسي: Марцева Т. А. Татьяна Александровна
مؤلف مشترك: Национальный исследовательский Томский политехнический университет
الملخص:Заглавие с экрана
اللغة:الروسية
منشور في: 2016
الموضوعات:
الوصول للمادة أونلاين:http://earchive.tpu.ru/handle/11683/37041
التنسيق: MixedMaterials الكتروني فصل الكتاب
KOHA link:https://koha.lib.tpu.ru/cgi-bin/koha/opac-detail.pl?biblionumber=622225

MARC

LEADER 00000naa2a2200000 4500
001 622225
005 20250516162417.0
035 |a (RuTPU)RU\TPU\conf\20892 
035 |a RU\TPU\conf\20891 
090 |a 622225 
100 |a 20170209d2016 k y0rusy50 ca 
101 0 |a rus 
102 |a RU 
105 |a y z 101zy 
135 |a drgn ---uucaa 
181 0 |a i  
182 0 |a b 
200 1 |a Некоторые особенности использования паралимпийской лексики в британских СМИ  |f Т. А. Марцева 
203 |a Текст  |c электронный 
300 |a Заглавие с экрана 
320 |a [Библиогр.: с. 163 (6 назв.)] 
463 0 |0 (RuTPU)RU\TPU\conf\20846  |t Межкультурная коммуникация: теория и практика  |o сборник научных трудов XVI Международной научно-практической конференции "Лингвистические и культурологические традиции и инновации", Томск, 11-13 октября 2016 г.  |f Национальный исследовательский Томский политехнический университет (ТПУ) ; ред. кол. Ю. В. Кобенко [и др.]  |v [С. 158-163]  |d 2016 
610 1 |a труды учёных ТПУ 
610 1 |a электронный ресурс 
610 1 |a паралимпийские игры 
610 1 |a англоязычная речь 
610 1 |a лексика 
610 1 |a словосочетания 
610 1 |a спортсмены 
700 1 |a Марцева  |b Т. А.  |c лингвист  |c преподаватель Томского политехнического университета  |g Татьяна Александровна  |3 (RuTPU)RU\TPU\pers\37905 
712 0 2 |a Национальный исследовательский Томский политехнический университет  |c (2009- )  |9 26305 
801 2 |a RU  |b 63413507  |c 20170210  |g RCR 
850 |a 63413507 
856 4 |u http://earchive.tpu.ru/handle/11683/37041 
942 |c BK